000 00847nam a2200205 i 4500
001 149997
003 ES-MaACL
005 20230906203336.0
007 t|
008 071025s1948 sp ||||1| spa d
100 1 _aValle Collantes, Francisco.
_9112785
245 1 3 _aEl impulsor del espíritu investigador del niño para avivar la inteligencia de los niños
_b: contiene además el índice de las principales carreras de España /
_cpor Francisco Valle Collantes.
250 _a1ª ed.
260 _aEl Ferrol del Caudillo :
_b[s.n.],
_c1948 (
_fImp. "La Gutenberg")
300 _a111 p. :
_bil. ;
_c17 cm.
490 1 _aBiblioteca de formación técnico-profesional "Valle-Collantes"
830 0 _aBiblioteca de formación técnico-profesional "Valle-Collantes"
_9187574
852 _aES-MaACL
_j1712-F-17
_bR.26224
999 _c149997
_d149997